Govt. of
Madhya Pradesh

A Treatise On Libraries During Muslim Rule In India A Critical Discourse (Record no. 15103)

MARC details
000 -LEADER
fixed length control field 004090000a22001570004500
001 - CONTROL NUMBER
control field 003197
003 - CONTROL NUMBER IDENTIFIER
control field MACL
040 ## - CATALOGING SOURCE
Original cataloging agency MACL
090 ## - LOCALLY ASSIGNED LC-TYPE CALL NUMBER (OCLC); LOCAL CALL NUMBER (RLIN)
-- 15190
-- 15189
100 ## - MAIN ENTRY--PERSONAL NAME
Personal name Ray, Dipak Kumar
245 ## - TITLE STATEMENT
Title A Treatise On Libraries During Muslim Rule In India A Critical Discourse
Statement of responsibility, etc. Dipak Kumar Ray
260 ## - PUBLICATION, DISTRIBUTION, ETC. (IMPRINT)
Place of publication, distribution, etc. Ratna Prakashan,
Date of publication, distribution, etc. 2002
350 ## - PRICE (NR) (BK AM CF MU VM SE) [OBSOLETE]
Price 250
650 ## - SUBJECT ADDED ENTRY--TOPICAL TERM
Topical term or geographic name as entry element Library For Specific Subject
942 ## - ADDED ENTRY ELEMENTS (KOHA)
Call number prefix 27
Koha item type Library Membar
Holdings
Withdrawn status Lost status Source of classification or shelving scheme Damaged status Not for loan Home library Current library Date acquired Cost, normal purchase price Total Checkouts Full call number Barcode Date last seen Uniform Resource Identifier Price effective from Koha item type
          MACL MACL 15/04/2015 250.00   027 RAY CRE015532 02/05/2024 14992 15/04/2015 Books